Vornamen der Lehrer - Gymnasium Kerpen - Statistiken

Allgemein
  • Dieses Quiz wurde 196 mal gespielt
    114 seit der letzten Aktualisierung
  • Das Durchschnittsergebnis liegt bei 50 aus 185
Antwortstatistiken
Vorname Nachname % Korrekt
Jan Knoop (H)
70%
André Schwerlak
64%
Andrea Dunkel | Evers | Kärmer | Pressentin
64%
Michael Kirk | Lankes | Peters-Kirschfink
61%
Regina Alexa Fritz
58%
Thomas Bildhauer
58%
Christian Vogel
56%
Markus Džaković | Frings | Potes
56%
Ann-Marie Bollenbach
55%
Andreas Arnolds
50%
Daniel Klee (H)
48%
Nico-Daniel Claussen
48%
Stefan Frenzel
48%
Simon Deventer
47%
Marc Eßer | Schrepel | Wolf
45%
Julia Tokgözoglu
44%
Thorsten Endres
44%
David Neifer
42%
Jürgen Engel | Wingenbach
42%
Stephanie Wollmann
41%
Katharina Bischoff | Lintermann | Ritz | +2 others
39%
Lena Temmen
39%
Sabine Erkens | Radensleben
39%
Martin Stöckl
38%
Maximilian Nüßgen
38%
Daniela Bartsch | Egler
36%
Jonas Münstermann
36%
Dominik Kemper | Riediger
35%
Stefanie Schreiner | Schroetter
35%
Fabian Peters
33%
Jutta Kölsch | Salz
33%
Oliver Strucken-Bathke
33%
Ralph Paland
33%
Sabrina Eberlein
33%
Alexandra Hebbelmann | Heidtmann
32%
Claudia Büttgen | Franken
32%
Jörg Schoenen (H)
32%
Tanja Mertens | Müller-Verse
32%
Ulrike Hegner | Lentzen-Burmester
32%
Florian Rüthlein
30%
Heike Marklein-Becker | Rotermann | Wichmann
30%
Lina Kehr
30%
Nicole Germund | Hamm
30%
Anja Geuthe | Heinen
29%
Elke Lambertz | Schalhofer
29%
Heinz Sander
29%
Mia Lingner
29%
Robert Quaschner
29%
Rolf Kanehl | Wildenburg
29%
Sandra Thönnißen
29%
Beate Koch (F)
27%
Birgit Pardella
27%
Christopher Jüttemeier
27%
Eva Hesse
27%
Michaela Müller
27%
Niklas Engelmann
27%
Ralf Herbertz
27%
Corinna Castor | Eberlein | auf dem Graben
26%
Daniel Harald Hüvelmann
26%
Isabell Georgi
26%
Laura Tietze
26%
Luisa Kömm
26%
Sophie Schulz
26%
Doris Kronsbein
24%
Hartmut von Boettischer
24%
Jasmin Lange | Schoenen (F)
24%
Johanna Gorden | Ziegeldorf
24%
Kai Borchert
24%
Klaus Holper
24%
Silke Köllmann
24%
Sonja Richter
24%
Viktor Schlem
24%
Annette Himpel
23%
Carolin Vithayathil
23%
Hannah Krafczyk (Krüger)
23%
Marko Spieler
23%
Nikola Steffens
23%
Sascha Frieske
23%
Kerstin Schulz-Ahrens
21%
Mareike Adam
21%
Maren Gerards
21%
Meike Berling
21%
Nadine Deller | Schulte
21%
Nora Theis
21%
Vanessa Sayer
21%
Volker Marten
21%
Heiko Reich
20%
Holger Müller-Hillebrand
20%
Judith Noppeney-Szemraj | Schroetter-Scheufenz
20%
Kathrin Jäger
20%
Marianne Krome
20%
Tristan Oehrlein
20%
Bettina Macherey
18%
Elin Reckmann (Scherer)
18%
Esther Zuber
18%
Maike Knoop (F)
18%
Renate Geller-Patzelt
18%
Rudolf Kaiser
18%
Sina Michel
18%
Anika Dombach
17%
Clemens Glasmacher
17%
Lutz Venatier
17%
Ruth Frevel-Koslovski
17%
Anette Thies
15%
Bodo Gellrich
15%
Carina Kohnen
15%
Caroline Spee
15%
Frauke Skiba
15%
Jascha Koch (H)
15%
Miriam Jablonski
15%
Arne Janssen
14%
Friederike Heine
14%
Heidi Dietze-Neuber
14%
Ricarda Joeris
14%
Wendel Hennen
14%
Helge Hecht
12%
Ingrid Mewes-Heining
12%
Uschi Zöller
12%
Estrella Löwe-Lopez
11%
Kjell Bramsiepe
11%
Lampros Athanatos
11%
Marion Salewski
11%
Vissarion Chouliaras
11%
Babsi Thees
9%
Hendrik Ressel
9%
Iris Rizza
9%
Marie-Jeanette Moore
9%
Regine Klopffleisch
9%
Roland Heynekes
9%
Sandy Hava
9%
Vera Schmikowski
9%
Aniela Poloczek
8%
Kirsten Wichmann
8%
Shenja Sabir
8%
Agnieszka Klee (F)
6%
Nina Julika Frank
6%
Tomek Feliszek
6%
Arianne Patt
5%
Blerina Musliu
5%
Dagmar Sestan
5%
Leila Seifiatashgah
5%
Liudmyla Parshykova
5%
Lucia Reckers
5%
Emna Ouali
3%
Henrike Kröger
3%
Kübra Ercelik
3%
Rabia Cosar
3%
Sibilla Oswald
3%
Birte Seifert
2%
Diego Leporati
2%
Keine übereinstimmenden Quizze gefunden
Verteilung der Resultate
Anzahl Personen mit jedem Resultat
Perzentil nach korrekt beantworteten Fragen
Ihre Resultats-Entwicklung
Sie haben dieses Quiz seit der letzten Aktualisierung nicht gespielt